10 maggiori paesi europei per area - Statistics

Statistiche generali
  • Questo quiz è stato fatto 244 volte
  • Il punteggio medio è 10 su 10
Statistiche sulle risposte
chilometri 2 Nazione % Corretto
3,960,000 Russia
100%
551,500 Francia
99%
357,168 Germania
99%
505,992 Spagna
98%
603,500 Ucraina
98%
301,336 Italia
96%
312,685 Polonia
96%
450,295 Svezia
96%
338,145 Finlandia
94%
323,802 Norvegia
92%
Nessun quiz corrispondente trovato
Distribuzione punteggi
Percentuale di utenti per punteggio
Percentile per numero di risposta
I tuoi punteggi nel tempo
Non hai fatto questo quiz